Histoire du droit français (Record no. 156870)
[ view plain ]
| 000 -LEADER | |
|---|---|
| campo de control de longitud fija | 01256nam a22002295i 4500 |
| 001 - NÚMERO DE CONTROL | |
| campo de control | 156870 |
| 003 - IDENTIFICADOR DE NÚMERO DE CONTROL | |
| campo de control | ES-MaACL |
| 005 - FECHA Y HORA DE LA ÚLTIMA TRANSACCIÓN | |
| campo de control | 20230906210522.0 |
| 008 - DATOS DE LONGITUD FIJA--INFORMACIÓN GENERAL | |
| campo de control de longitud fija | 990909m18521858fr |||| | fre d |
| 100 1# - ENTRADA PRINCIPAL--NOMBRE DE PERSONA | |
| Nombre de persona | Laferrière, F. |
| 9 (RLIN) | 128576 |
| 245 10 - MENCIÓN DEL TÍTULO | |
| Título | Histoire du droit français |
| Resto del título | : précédée d'une introduction sur le droit civil de Rome / |
| Mención de responsabilidad, etc. | par M.F. Laferrière. |
| 260 ## - PUBLICACIÓN, DISTRIBUCIÓN, ETC. | |
| Lugar de publicación, distribución, etc. | Paris : |
| Nombre del editor, distribuidor, etc. | Librairie de Jurisprudence de Cotillon, |
| Fecha de publicación, distribución, etc. | 1852-1858. |
| 300 ## - DESCRIPCIÓN FÍSICA | |
| Extensión | v. ; |
| Dimensiones | 22 cm. |
| 505 8# - NOTA DE CONTENIDO CON FORMATO | |
| Nota de contenido con formato | Contiene: I. Introduction. Droit des XII tables; droit prétorien; philosophie du droit - II. Droit celtique. Droit romain et gallo-romain - III. Droit germanique. Droit mérovingien et carlovingie - IV. Droit public, et droit privé du Moyen Age - V-VI. Coutumes de France dans les diverses provinces |
| 596 ## - NOTA AL PIE DE IMPRENTA | |
| NOTA AL PIE DE IMPRENTA | Los v. I-III impresos por: Imp. et Librairie Génerale de Jurisprudence - Los v. IV-VI impresos por: E. Thunot et Cie. |
| 597 ## - NOTA DE DESCRIPCIÓN FÍSICA | |
| NOTA DE DESCRIPCIÓN FÍSICA | Antep. |
| 597 ## - NOTA DE DESCRIPCIÓN FÍSICA | |
| NOTA DE DESCRIPCIÓN FÍSICA | I. (XLVIII, 502 p.) - II. (643 p.) - III. (VIII, 535 p.) - IV. (X, 588 p.) - V. (VIII, 656 p.) - VI. (488 p.) |
| 650 #4 - PUNTO DE ACCESO ADICIONAL DE MATERIA--TÉRMINO DE MATERIA | |
| Término de materia o nombre geográfico como elemento de entrada | Derecho- |
| Subdivisión geográfica | Francia- |
| Subdivisión de forma | Historia. |
| 9 (RLIN) | 151862 |
| 650 00 - PUNTO DE ACCESO ADICIONAL DE MATERIA--TÉRMINO DE MATERIA | |
| Término de materia o nombre geográfico como elemento de entrada | Derecho romano- |
| Subdivisión de forma | Historia. |
| 9 (RLIN) | 11766 |
| 752 ## - ENTRADA AGREGADA--NOMBRE JERÁRQUICO DEL LUGAR | |
| País o entidad superior | Francia - |
| Ciudad | París |
| 852 ## - LOCALIZACIÓN | |
| Ubicación | ES-MaACL |
| Número de control de estantería | F-14274-79 |
| Nota libre | - Enc. hol. |
| Estatus retirado | Estado de pérdida | Estado de daño | No para préstamo | Colección | Biblioteca de origen | Biblioteca actual | Ubicación en estantería | Fecha de adquisición | Fuente de adquisición | Total de préstamos | Signatura topográfica completa | Código de barras | Visto por última vez | Precio de reemplazo | Tipo de ítem Koha |
|---|---|---|---|---|---|---|---|---|---|---|---|---|---|---|---|
| Libros del s. XIX | Biblioteca del Ateneo de Madrid | Biblioteca del Ateneo de Madrid | Sala Pecera Planta 2 | 17/01/2008 | F-14274-14279 | 1164125 | 23/02/2023 | 23/02/2023 | Libro impreso antiguo |
